000 00257nam a22001097a 4500
999 _c6201
_d6201
008 180522b ||||| |||| 00| 0 eng d
020 _z0-324-236673-5
082 _a658.8 BOO
100 _aBOONE, LOUIS E.
245 _aCONTEMPORARY MARKETING,
260 _c2006,